Quiz sur la Mayenne - Statistiques

Statistiques générales
  • Ce quiz a été pris 712 fois
  • Le résultat moyen est 13 sur 20
Statistiques - réponses
Question Réponse % Correct
Numéro du département 53
100%
Région Pays-de-la-Loire
100%
Préfecture Laval
95%
Sarthe
92%
Départements limitrophes Ille-et-Vilaine
87%
Mayenne
87%
Maine-et-Loire
86%
Gentilé Mayennais
82%
Orne
75%
Sous-préfectures Château-Gontier-sur-Mayenne
74%
Entreprise de la Mayenne, premier groupe transformateur de fromages mondial. Lactalis
70%
Manche
62%
Créature mythologique, symbole du conseil départemental de la Mayenne et de sa tradition équestre. Pégase
53%
Celui de l'Arche recueille des animaux sauvages et constitue le premier site touristique du département. Le Refuge
51%
Le sud du département fait partie de cette ancienne région française. L'Anjou
49%
Fromage d'un groupe industriel de Mayenne qui a donné lieu à l'expression : ''Le ... , c'est écrit dessus''.. Port-Salut
41%
Nombre d'habitants (arrondi à la dizaine de milliers d'habitants) 310 000 (307 445)
29%
Le musée de Robert-Tatin célèbre l'œuvre de cet artiste autodidacte qui a une réalisé une statue de ce célèbre gaulois entre autre. Vercingétorix
29%
Roi d'Angleterre qui envahit l'actuel territoire de la Mayenne en 1063. Guillaume le Conquérant
28%
Point culminant du Grand Ouest français Le mont des Avaloirs
27%
Aucun quiz correspondant
Distribution des résultats
% des personnes avec chaque résultat
Percentile par nombre de réponses
Votre historique - résultats
Vous n’avez pas pris ce quiz